Responses for Show #8646 - Monday, May 23, 2022

Ryan Long game 7.

Contestants

[<< previous game]

Jodi Harris, a content strategist from Culver City, California

Mari Chao, a writing center coordinator from Orlando, Florida

Ryan Long, a rideshare driver from Philadelphia, Pennsylvania (whose 6-day cash winnings total $131,801)

[next game >>]

Jeopardy! Round responses

THE RAINFORESTS
WHAT'S IN A NAME?
IT'S MAY 23rd!
WIDE WORLD OF SPORTS FILMS
U.S. BUILDINGS
ANAGRAM PAIRS
(Mayim: Each response is two words, anagrams of each other.)
    $200 6
a frog

Mari
    $200 4
a director's chair

Ryan
    $200 15
Joan of Arc

Ryan
    $200 10
Jackie Robinson

Ryan
    $200 18
the Pentagon

Jodi
    $200 17
a dairy diary

Mari
    $400 7
palm oil

Ryan
    $400 1
a Camaro

Triple Stumper
    $400 27
(Jodi: Who is Jane Seymour?)

Catherine of Aragon

MariJodi
    $400 11
Sandra Bullock

Jodi
    $1,000 19
(Jodi: What is the... Empire State Building?)

the Chrysler Building

Jodi
    $400 23
an ocean canoe

Ryan
    $600 12
photosynthesis

Jodi
    $600 2
an elliptical

Mari
    $600 28
the Canadian Mounties

Jodi
    $600 9
Hoosiers

Ryan
    $600 24
Seattle

Mari
    $600 21
(Mari: What is... Cats acts?)

Cats cast

RyanMari
    $800 13
carbon footprints

Jodi
    $800 3
(Mayim: No more cocaine.)
[Laughter]

Coca-Cola

Ryan
    $800 29
defenestration

Mari
    $800 8
Slap Shot

Ryan
    $800 25
Houston

Mari
    $800 20
(Ryan: Uh, what is... caution "aushon"? Auction. [*].)

caution auction

Ryan
    $1000 14
clear cutting

Triple Stumper
    $1000 5
a Capuchin

Mari
    $1000 30
Heinrich Himmler

Triple Stumper
    $1000 16
Bend It Like Beckham

Jodi
    $1000 26
(Ryan: What is West Point?)

the Air Force Academy

Ryan
Triple Stumper
    $1000 22
castle cleats

Triple Stumper

Scores at the first commercial break (after clue 15):

Ryan Mari Jodi
$3,200 $1,800 $1,800

Scores at the end of the Jeopardy! Round:

Ryan Mari Jodi
$4,000 $4,000 $2,200

Double Jeopardy! Round responses

RELATIVELY SUCCESSFUL COMPOSERS
POSSESSIVE PHRASES
HOW EPIC!
TV
SALT & PEPPER
IT'S AN "AD", "AD", "AD", "AD" WORLD
(Mayim: "A-D" appears, but just once, in each response.)
    $400 4
Strauss

Mari
    $400 19
a stone's throw

Ryan
    $400 24
Arthur

Ryan
    $400 7
The Today Show

Ryan
    $400 15
a moth

Ryan
    $400 8
the Badlands

Ryan
    $800 5
Requiem

Ryan
    $800 20
Pandora's box

Mari
    $3,500 22
(Mari: What is an earthquake?)

a flood

Mari
    $800 1
Diff'rent Strokes

Jodi
    $800 14
Gwyneth Paltrow

Ryan
    $800 9
(Mari: What is Mogadishu?)

Addis Ababa

MariJodi
    $1200 12
(20th Century) Fox

Ryan
    $1200 21
a snail's pace

Mari
    $1200 23
the United States

Triple Stumper
    $1200 2
Lucifer

Ryan
    $1200 16
Gandhi

Mari
    $1,800 10
(Jodi: What is... Jerusalem?)

Baghdad

Jodi
    $1600 17
The Tempest of the Seas (A Storm at Sea)

Mari
    $1600 30
a cat's eye

Mari
    $1600 27
Sanskrit

Mari
    $1600 3
(Mayim: Yes, I think I watched them all.)

The Love Boat

Mari
    $1600 25
the Gila River

Triple Stumper
    $1600 11
(Mari: [*]. What is [*]?)

Mogadishu

Mari
    $2000 18
(Felix) Mendelssohn

Mari
    $2000 29
Hobson

Triple Stumper
    $2000 28
Charlemagne

Ryan
    $2000 6
Gunsmoke

Ryan
    $2000 26
(Mayim: Less than a minute.)

Strategic Arms Limitation Talks

Ryan
    $2000 13
Adelaide

Ryan

Scores at the end of the Double Jeopardy! Round:

Ryan Mari Jodi
$18,000 $13,300 $2,000

[wagering suggestions for these scores]

Final Jeopardy! Round responses

MEDICINE
JodiWhat is stroke?
$1,000
MariWhat is post traumatic stress disorder
$12,100
RyanWhat is measles?
$4,600
polio

Final scores:

Ryan Mari Jodi
$13,400 $1,200 $1,000
7-day champion: $145,201 2nd place: $2,000 3rd place: $1,000

Game dynamics:

Coryat scores:

Ryan Mari Jodi
$18,000 $16,800 $4,800
23 R,
1 W
18 R,
3 W
(including 1 DD)
8 R,
3 W
(including 2 DDs)

Combined Coryat: $39,600

[game clues] [game scores] [suggest correction]

Game tape date: 2022-03-31
The J! Archive is created by fans, for fans. Scraping, republication, monetization, and malicious use prohibited; this site may use cookies and collect identifying information. See terms. The Jeopardy! game show and all elements thereof, including but not limited to copyright and trademark thereto, are the property of Jeopardy Productions, Inc. and are protected under law. This website is not affiliated with, sponsored by, or operated by Jeopardy Productions, Inc. Join the discussion at JBoard.tv.